Nations of Empire: Total War - Statistics

General Stats
  • This quiz has been taken 874 times
  • The average score is 31 of 55
Answer Stats
Hint Answer % Correct
playable Great Britain
98%
playable France
97%
playable Spain
95%
playable Russia
94%
playable/emergent United States
93%
playable Austria-Hungary
91%
playable Ottoman Empire
90%
playable Sweden
90%
playable Prussia
89%
minor Portugal
87%
playable United Provinces
86%
playable Poland-Lithuania
85%
minor Denmark
83%
emergent Norway
73%
minor Italian States
69%
major unplayable Mughal Empire
68%
minor Venice
67%
minor Persia
66%
minor Bavaria
65%
emergent Ireland
64%
playable Maratha Confederacy
64%
emergent Greece
62%
emergent Naples & Sicily
61%
minor (protectorate) Saxony
59%
emergent Mexico
58%
emergent Scotland
57%
minor (protectorate) Barbary States
51%
emergent Hungary
49%
minor Cherokee Nations
48%
minor (protectorate) New Spain
48%
minor (protectorate) 13 Colonies
47%
minor Hannover
47%
minor Morocco
47%
minor Genoa
46%
minor Iroquois Confederacy
45%
minor Wurttemberg
45%
minor Savoy
43%
minor Georgia
40%
emergent Gran Columbia
39%
minor Knights of St. John
39%
minor (protectorate) Louisiana
37%
minor (protectorate) Crimean Khanate
36%
minor Mysore
36%
minor Pueblo Nations
36%
minor Westphalia
36%
minor Huron Confederacy
35%
minor Plains Nations
35%
minor (protectorate) Courland
34%
minor Inuit Nations
34%
emergent Quebec
33%
minor Dagestan
31%
emergent Afghanistan
30%
emergent Hessen
22%
emergent Punjab
21%
emergent Mamelukes
18%
No matching quizzes found
Score Distribution
Percent of People with Each Score
Percentile by Number Answered
Your Score History
You have not taken this quiz